1970s Surnames II Quiz Stats

Quiz Updated Jun 17, 2016

Also try: 1970s Surnames
Challenge
Share
Tweet
Embed
Score 0/50 Timer 05:00
6 Plays Today
% Correct
West
95.3%
Kutcher
94.8%
Ledger
94.4%
Banks
93.9%
Bloom
93.1%
Hewitt
93%
Maguire
91.6%
Gellar
91.4%
Kardashian
90.9%
Tyler
90.1%
Bryant
90%
Mayweather, Jr.
88.1%
Silverstone
85.5%
Harding
84.5%
Brady
84.4%
Furtado
84.3%
Danes
82.6%
Heigl
81.7%
Hudson
80.9%
McAdams
80.6%
Savage
79.8%
Martin
75.6%
Bass
74.4%
Franco
74.4%
Mayer
73.4%
% Correct
Biggs
71.1%
Hart
70.5%
Apple
66.9%
Baiul
65.6%
Chastain
63.9%
Hicks
62.5%
Watson
60.7%
Pressly
59.9%
Andrews
59.2%
Rodriguez
58.6%
Hasselbeck
56.6%
Moss
55.4%
Deeley
53.9%
Bunton
53.2%
Nowitzki
53%
Tomlinson
49.6%
Drogba
48.8%
Urlacher
47.8%
Penn
46.7%
Henry
43.7%
Pierce
42.7%
Anderson
38.4%
Page
32.8%
Smith
32.3%
Bernthal
25.6%

You're not logged in!

Compare scores with friends on all Sporcle quizzes.
Sign Up with Email
OR
Log In

You Might Also Like...

Show Comments

Extras

Top Quizzes Today


Score Distribution

Your Account Isn't Verified!

In order to create a playlist on Sporcle, you need to verify the email address you used during registration. Go to your Sporcle Settings to finish the process.